000 00407cam a2200169ua 4500
020 _c1.25
041 _amal
_h
082 _a291
_bTOL/JE
100 _aTolstoy, Leo .
245 _aJeevithavum Mathavum /
_cLeo Tolstoy.
_hTextual Documents
260 _aThrissur :
_bThe Mangalodayam Pvt Ltd ,
_c1960.
300 _a110 ; .
365 _a1.25
504 _a
942 _cBK
999 _c4862
_d4862